| 000 | 02954nam a2200325 a 4500 | ||
|---|---|---|---|
| 001 | 000000596 | ||
| 003 | DO-SdBPM | ||
| 005 | 20250707122800.0 | ||
| 007 | ta | ||
| 008 | 090331s2007 dr a 000 0 spa d | ||
| 020 | _a9789945161250 | ||
| 020 | _a9945161253 | ||
| 040 |
_aDO-SdBPM _bspa _cBPMSU _erda |
||
| 082 | 4 |
_a306.097293 _bP438m 2003 _222 |
|
| 100 | 1 |
_aPérez, Faustino _eautor |
|
| 245 | 1 | 0 |
_aMabí en las venas / _cFaustino Pérez. |
| 260 | _b | ||
| 264 |
_aSanto Domingo : _bFaustino Pérez, _c2007. |
||
| 300 |
_a294 páginas : _bilustración ; _c22 cm. |
||
| 336 |
_atexto _btxt _2rdacontent |
||
| 337 |
_asin mediación _bn _2rdamedia |
||
| 338 |
_avolumen _bnc _2rdacarrier |
||
| 505 | 0 |
_tLos libros publicados -- _tTestimonio como escritor y como artista -- _tMi libro favorito: de la mano del doctor del cigarro -- _tLa fotografía como "reality constructor" -- _tLa televisión nunca ha sido una caja "boba" -- _tEl internet ha cambiado nuestras vidas -- _tMcLuhan no viajes en esa "yola" -- _t¿Cuál es es el "gancho" mediático de Paris Hilton? -- _tLos grandes museos de arte del mundo occidental -- _tFulano de tal -- _tCuando a sir Winston lo llamaron "la chuchi" -- _tPapote el de Tonguita viaja a "sancri" pasando por "kilometro" -- _t"Despreocúpate, que lo tuyo está caminando" -- _t"Quítate tú pa´ ponerme yo" -- _tEl origen del dominicanismo "paquito" -- _tDe donde son los "jevitos" -- _tLeyendas dominicanas: de la ciguapa al "muelú" -- _tYo figureo, tú figureas, él figurea -- _tLa cultura del "dame un chance" -- _tEl origen del acrónimo "ASODOPICA" -- _tNo hay jubilación para los de "ASODOPICA" -- _tPonle un "se vende" que Crucita Yin no se ofende -- _tGraffiti nuestro de cada día -- _tRéquiem por la "chica-bíper" -- _tLos "palomos" ya no revolotean en las playas de los "sanky pankys" -- _tLos tígueres no devoran matatanes (1ra. parte) -- _tLos tígueres no devoran matatanes (2da parte) -- _tTrujillo o Rubirosa: ¿quién es el "machómetro" dominicano? -- _tLa información en la cultura del "colmadón-pitekus" -- _tLas siete técnicas básicas del chisme dominicano -- _tNo dejes que te den "cuerda" (1ra. parte) -- _tNo dejes que te den "cuerda" (2da. parte) -- _tNo dejes que te den "cuerda" (3ra. parte) -- _tNo dejes que te den "cuerda" (4ta. parte) -- _tApuntes sobre la gestualidad dominicana -- _tLo que comunica una cara, o el lenguaje de las arrugas. |
|
| 505 | 0 |
_tEl lenguaje de las manos y el lenguaje de los anillos de Faustino Pérez -- _tEl erotismo gestual en las dominicanas (1ra. parte) -- _tEl erotismo gestual en las dominicanas (2da. parte -- _tEl erotismo gestual en las dominicanas (3ra. parte) -- _tEl erotismo gestual en las dominicanas (4ta. parte) -- _tCurriculum de Faustino Pérez. |
|
| 590 | _aInventariado, 2025/VM | ||
| 650 | 7 |
_aIdentidad cultural _zRepública Dominicana |
|
| 651 | 7 |
_aRepública Dominicana _xCultura popular |
|
| 910 | _aVMateo V. Control de calidad BPMSU | ||
| 942 |
_2ddc _cBK |
||
| 999 |
_c12842 _d12842 |
||